Matemáticas aplicadas a las ciencias sociales /
Guardado en:
| Autor Principal: | |
|---|---|
| Otros Autores: | |
| Formato: | Libro |
| Publicado: |
Madrid :
Mac-graw Hill Interamericana,
1996
|
| Materias: | |
| Etiquetas: |
Agregar Etiqueta
Sin Etiquetas, Sea el primero en etiquetar este registro!
|
| LEADER | 01013nam a22002175a 4500 | ||
|---|---|---|---|
| 001 | CEM.cems010360 | ||
| 005 | 20080521130753.0 | ||
| 008 | 130507s1996##################000#0#####d | ||
| 003 | CEMS | ||
| 020 | |a 8448109198 | ||
| 082 | 0 | 4 | |a 510 |
| 100 | 1 | |a Martínez Mediano, José María | |
| 245 | 1 | 0 | |a Matemáticas aplicadas a las ciencias sociales / |c José María Martínez Mediano |
| 260 | |a Madrid : |b Mac-graw Hill Interamericana, |c 1996 | ||
| 300 | |a 156 p. | ||
| 500 | |a Para 2º año bachillerato | ||
| 505 | 0 | |a Algebra -- Sistemas de ecuaciones lineales -- Matrices -- Determinantes -- Programación lineal -- Análisis -- Límites y continuidad -- La derivada -- Aplicaciones de la derivada al estudio de funciones. Optimización -- Integrales -- Estadística y probabilidad -- La probabilidad condicionada -- Muestreo -- Estimación estadística | |
| 653 | |a Matemáticas | ||
| 653 | |a Matemática-polimodal | ||
| 700 | 1 | |a Cuadra López. Rafael | |
| 859 | |a CEMS |b BIB. CEMS - 11 de abril |h 510 |i M366 |p 20775.00 |t Ej.1 |v 2º |3 2º | ||
